00876nas a2200229 a 450000500170000000800410001702200140005804000230007204100080009504400070010324500910011026000590020130000340026031000060029465000570030065000600035765000580041765100570047565100410053271000490057378000240062220170622095854.0990204c19949999ck mr p r 0 0a0spa d a0123-8353 ahm chmdCO-BoIAVH0 aspa ack00aCeniavances : bboletín divulgativo / cCentro de Investigación en Palma de Aceite aVillavicencio (Meta, Colombia) : bCenipalma, c1994-. bilustraciones ; c28 x 22 cm. am24aPalma africanazColombiavPublicaciones periódicas26aElaeis guineensiszColombiavPublicaciones periódicas24aPalma de aceitezColombiavPublicaciones periódicas aVillavicencio (Colombia)vPublicaciones periódicas aColombiavPublicaciones periódicas2 aCentro de Investigación en Palma de Aceite00aBoletin Ceniavances